Kształty państw na mapie świata #4 - Statystyki

Ogólne statystyki
  • Ten quiz został rozwiązany 16 323 razy
  • Średni wynik to 17 z 20
Odpowiedzi na mapie
Odpowiedzi zakodowano w zielono-czerwonej skali na mapie do tego quizu, zgodnie z poniższymi procentami.
 
Statystyki odpowiedzi
Państwo % Poprawnych
Stany Zjednoczone
100%
Francja
99%
Czechy
98%
Ukraina
98%
Argentyna
97%
Egipt
95%
Korea Południowa
90%
Maroko
90%
Peru
90%
Serbia
90%
Irak
86%
Filipiny
85%
Niger
81%
Malezja
77%
Turkmenistan
75%
Bhutan
71%
Kenia
70%
Zimbabwe
63%
Gwinea
62%
Gabon
57%
Nie znaleziono quizów pasujących do podanych kryteriów
Rozkład punktacji
Procent ludzi z każdym wynikiem
Percentyl według liczby udzielonych odpowiedzi
Twoja historia wyników
Nie rozwiązałeś tego quizu